000 01014cam a22003377a 4500
003 CHAP
005 20220817043134.0
008 971013s1988 r 00010 d
010 _a66641
011 _a67613
035 _a77084
040 _cCHAP
082 _a627.4
_bF3y
110 _aFAO
245 1 0 _aCorrección de torrentes y estabilización de cauces
260 _aRoma :
_bFAO,
_c1988
300 _a182 p.
490 0 _aFAO. Fomento de tierras y aguas
_v; 9
590 _aBATCH-UPD
_b10
_c20130110
_lUCH01
_h0859
590 _aBATCH-UPD
_b10
_c20130410
_lUCH01
_h0529
590 _aBATCH-UPD
_b10
_c20130914
_lUCH01
_h1044
590 _aCONVERSION
_b10
_c20130109
_lUCH01
_h1337
650 1 4 _aControl de avenidas.
_927591
650 1 4 _aCuencas.
_930085
650 1 4 _aPresas.
_991480
700 0 _aLópez Cadenas de Llano, A.
_967726
830 0 _aFAO. Fomento de tierras y aguas
_v; 9
_939565
901 _aBK
942 _cLIBRO
949 _a627.4 F3y
_bBC
_cFAO
_d33724002136066
_eFAO1
_h74398
_i77084
_si
999 _c66641
_d66641